000 00333nam a2200133Ia 4500
005 20260328101445.0
008 260328s9999||||xx |||||||||||||| ||und||
100 _aOleas Serrano, Diego
245 0 _aRogelio Salmona :
_b Un Homenaje /
_cDiego Oleas Serrano
260 _bUSFQ
300 _a94 p.
650 _aARQUITECTOS
942 _cBK
999 _c8446
_d8446